心理学 (Record no. 28369)

000 -LEADER
fixed length control field 00470nam a22001817a 4500
003 - CONTROL NUMBER IDENTIFIER
control field MPLRDC
005 - DATE AND TIME OF LATEST TRANSACTION
control field 20220104125550.0
008 - FIXED-LENGTH DATA ELEMENTS--GENERAL INFORMATION
fixed length control field 210129b ||||| |||| 00| 0 eng d
082 ## - DEWEY DECIMAL CLASSIFICATION NUMBER
Classification number 173.21 XEGD
100 ## - MAIN ENTRY--PERSONAL NAME
Personal name 西尔格德等著
245 ## - TITLE STATEMENT
Title 心理学
Statement of responsibility, etc. 杨国枢等主编
250 ## - EDITION STATEMENT
Edition statement 修订四版
260 ## - PUBLICATION, DISTRIBUTION, ETC.
Place of publication, distribution, etc.
Name of publisher, distributor, etc. 桂冠图书有限公司
Date of publication, distribution, etc. 1984
300 ## - PHYSICAL DESCRIPTION
Other physical details
490 ## - SERIES STATEMENT
Series statement 桂冠心理学丛书. 2
650 ## - SUBJECT ADDED ENTRY--TOPICAL TERM
Topical term or geographic name entry element 青年心理学
942 ## - ADDED ENTRY ELEMENTS (KOHA)
Koha item type Book
-- 173.21 XEGD
Holdings
Withdrawn status Lost status Source of classification or shelving scheme Damaged status Not for loan Collection code Home library Current library Shelving location Date acquired Cost, normal purchase price Total Checkouts Full call number Barcode Date last seen Date last checked out Price effective from Koha item type Public note
            Malaysian Public Library, Research and Development Centre Malaysian Public Library, Research and Development Centre   10/12/2007 64.00   173.21 XEGD 00028440 17/03/2021 20/08/2016 17/03/2021 Book mplrdc

© 2022. Malaysian Public Library, Research and Development Centre. All Right ReservedE-mailmplrdc@help.edu.my 

Powered by Koha